Visualizzazione normale
Vista MARC
- Liss Bernhard
di Personal Name
Records bibliografici associati: 1
001 - CONTROL NUMBER
- control field: 62523
003 - CONTROL NUMBER IDENTIFIER
- control field:
005 - DATE AND TIME OF LATEST TRANSACTION
- control field: 20250826111707.0
008 - FIXED-LENGTH DATA ELEMENTS
- fixed length control field: 250826|| aca||aabn | a|a d
040 ## - CATALOGING SOURCE
- Original cataloging agency:
- Transcribing agency:
100 ## - HEADING--PERSONAL NAME
- Personal name: Liss Bernhard
670 ## - SOURCE DATA FOUND
- Source citation: Work cat.: ()216280: Liss Bernhard, La coppia allo specchio., 1987 [Edizione originale: 1985]